Catálogo - Centro de Recursos para el Aprendizaje y la Investigación

Volver al Sitio - CRAI Biblioteca

El libro negro / (Registro nro. 114421)

Detalles MARC
000 -CABECERA
campo de control de longitud fija 01982nam a2200349 4500
001 - NÚMERO DE CONTROL
campo de control 114421
003 - IDENTIFICADOR DEL NÚMERO DE CONTROL
campo de control DR-UNIBE
005 - FECHA Y HORA DE LA ÚLTIMA TRANSACCIÓN
campo de control 20260309110933.0
008 - DATOS DE LONGITUD FIJA--INFORMACIÓN GENERAL
campo de control de longitud fija 260309b2006 mx ||||| |||| 00| 0 spa d
020 ## - NÚMERO INTERNACIONAL ESTÁNDAR DEL LIBRO
Número Internacional Estándar del Libro 970770778X
020 ## - NÚMERO INTERNACIONAL ESTÁNDAR DEL LIBRO
Número Internacional Estándar del Libro 978970770778X
040 ## - FUENTE DE LA CATALOGACIÓN
Centro catalogador/agencia de origen BIBLIOTECA UNIBE
Lengua de catalogación spa
Centro/agencia transcriptor BIBLIOTECA UNIBE
041 ## - CÓDIGO DE LENGUA
Código de lengua del texto/banda sonora o título independiente spa
082 ## - NÚMERO DE LA CLASIFICACIÓN DECIMAL DEWEY
Número de edición 22
Número de clasificación 894.3533 P186L 2006
100 1# - ENTRADA PRINCIPAL--NOMBRE DE PERSONA
Nombre de persona Pamuk, Orhan,
Fechas asociadas al nombre 1952-
Término indicativo de función/relación autor
9 (RLIN) 203032
240 10 - TÍTULO UNIFORME
Título uniforme Kara kitap.
Versión English
245 13 - MENCIÓN DE TÍTULO
Título El libro negro /
Mención de responsabilidad, etc. Orhan Pamuk
250 ## - MENCIÓN DE EDICIÓN
Mención de edición Primera edición
260 ## - PUBLICACIÓN, DISTRIBUCIÓN, ETC.
Lugar de publicación, distribución, etc. México, D.F. :
Nombre del editor, distribuidor, etc. Santillana Ediciones Generales, S.A. de C.V. :
-- Alfaguara,
Fecha de publicación, distribución, etc. 2006
300 ## - DESCRIPCIÓN FÍSICA
Extensión 580 páginas ;
Dimensiones 23 cm
500 ## - NOTA GENERAL
Nota general Título original: Kara Kitap
520 3# - SUMARIO, ETC.
Sumario, etc. Parodiando una intriga policíaca, el autor nos embarca en un juego de espejismos en el que los personajes se desdoblan para volver a unirse y con el que las fábulas lindan sin frontera perceptible con la realidad de los sujetos y objetos concretos, y donde el sinsentido tiene una razón oculta. Simplificando, la trama de esta obra podría definirse como la historia de dos hombres que se parecían tanto que al final acabaron cambiándose el uno por el otro. En el corazón de la obra está la cuestión crucial y metafísica de la identidad iluminada por la introducción de referencias históricas al misticismo sufí del popular poeta Mavlana. Los guiños y apelaciones al lector son innumerables, y por todo el recorrido despunta la ironía y la intriga.
650 #7 - PUNTO DE ACCESO ADICIONAL DE MATERIA--TÉRMINO DE MATERIA
Fuente del encabezamiento o término lemb
Término de materia o nombre geográfico como elemento de entrada Literatura turca
Subdivisión cronológica Siglo XX
9 (RLIN) 203066
650 #7 - PUNTO DE ACCESO ADICIONAL DE MATERIA--TÉRMINO DE MATERIA
Fuente del encabezamiento o término lemb
Término de materia o nombre geográfico como elemento de entrada Novela turca
Subdivisión cronológica Siglo XX
9 (RLIN) 203067
650 #7 - PUNTO DE ACCESO ADICIONAL DE MATERIA--TÉRMINO DE MATERIA
Fuente del encabezamiento o término lemb
Término de materia o nombre geográfico como elemento de entrada Novela policíaca turca
9 (RLIN) 203068
650 #7 - PUNTO DE ACCESO ADICIONAL DE MATERIA--TÉRMINO DE MATERIA
Fuente del encabezamiento o término lemb
Término de materia o nombre geográfico como elemento de entrada Novela de ciencia ficción turca
9 (RLIN) 203069
651 #7 - PUNTO DE ACCESO ADICIONAL DE MATERIA--NOMBRE GEOGRÁFICO
Fuente del encabezamiento o término lemb
Nombre geográfico Estambul (Turquía)
Subdivisión general Novela de ciencia ficción
9 (RLIN) 203062
655 ## - TÉRMINO DE INDIZACIÓN--GÉNERO/FORMA
Datos o término principal de género/forma Historias legales
9 (RLIN) 203063
655 ## - TÉRMINO DE INDIZACIÓN--GÉNERO/FORMA
Datos o término principal de género/forma Historias de detectives y misterio
9 (RLIN) 203064
700 1# - PUNTO DE ACCESO ADICIONAL--NOMBRE DE PERSONA
Nombre de persona Carpintero Ortega, Rafael,
Fechas asociadas al nombre 1962-
Término indicativo de función/relación traductor
9 (RLIN) 203065
942 ## - ELEMENTOS DE PUNTO DE ACCESO ADICIONAL (KOHA)
Fuente del sistema de clasificación o colocación Sistema de Clasificación Decimal Dewey
Tipo de ítem Koha Libro (general)
Existencias
Estado de retiro Estado de pérdida Fuente del sistema de clasificación o colocación No para préstamo Código de colección Localización permanente Fecha de adquisición Total de préstamos Signatura topográfica completa Código de barras Fecha visto por última vez Número de copia Precio válido a partir de Tipo de ítem Koha
  Disponible Sistema de Clasificación Decimal Dewey   General Biblioteca Central UNIBE 09/01/2026   894.3533 P186L 2006 260199 09/03/2026 Ej. 1 09/03/2026 Libro (general)